LDR 01143naa#a2200169#i#450# 001 RU\\bibl\122472 005 20260430163317.4 011 ## _a2409-1073 100 ## _a20240320b2024####ek#y0rusy0150####ca 102 ## _aRU 200 1# _aИнтериоризация ценности единства как фактор духовно-нравственного развития личности _eЖурнальная статья 210 1# _aМосква _cФедеральное государственное автономное образовательное учреждение высшего образования Национальный исследовательский университет "Московский институт электронной техники" _d2024 215 ## _a0 с. 608 ## _aЖурнальная статья _2local 675 ## _aПсихология. 159.9 _aСущность нравственности. Проблемы нравственности. 17.02 _aФилософия. Психология. 1 _aЦенности. 316.752 _z 700 #1 _aАнтипенко _gЮлия Товьевна 856 4# _aesgi-journal.ru _u